15 najgorszych afrykańskich reprezentacji (Ranking Fifa) - Statystyki

Ogólne statystyki
  • Ten quiz został rozwiązany 52 razy
  • Średni wynik to 10 z 15
Statystyki odpowiedzi
Ranking Reprezentacja % Poprawnych
152 Lesotho
84%
199 Somalia
78%
196 Seszele
76%
131 Sudan
73%
198 Erytrea
69%
181 Czad
67%
193 Dzibuti
65%
139 Rwanda
65%
143 Etiopia
63%
180 Mauritius
63%
168 Sudan południowy
63%
140 Burundi
57%
148 Liberia
57%
187 Wyspy św. Tomasza i Książęca
57%
147 Botswana
53%
Nie znaleziono quizów pasujących do podanych kryteriów
Rozkład punktacji
Procent ludzi z każdym wynikiem
Percentyl według liczby udzielonych odpowiedzi
Twoja historia wyników
Nie rozwiązałeś tego quizu